Los pueblos indígenas en México (Record no. 124471)

MARC details
000 -CABECERA
campo de control de longitud fija 00557nab a2200205 a 4500
005 - FECHA Y HORA DE LA ÚLTIMA TRANSACCIÓN
campo de control 20240913063733.0
008 - ELEMENTOS DE LONGITUD FIJA--INFORMACIÓN GENERAL
campo de control de longitud fija 991125s1985 mx 000 0 spa u
035 ## - NÚMERO DE CONTROL DEL SISTEMA
Número de control de sistema UPN01000152348
100 1# - ASIENTO PRINCIPAL--NOMBRE PERSONAL
Nombre de persona BONILLA CASTILLO, Felipe
9 (RLIN) 36042
222 ## - TÍTULO CLAVE
Título clave CAMINOS ABIERTOS : REVISTA PEDAGOGICA
245 ## - MENCIÓN DE TÍTULO
Título Los pueblos indígenas en México
260 ## - PUBLICACIÓN, DISTRIBUCIÓN, ETC.
Lugar de publicación, distribución, etc. México
300 ## - DESCRIPCIÓN FÍSICA
Extensión 30-39
362 0# - FECHAS DE PUBLICACIÓN Y/O DESIGNACIÓN SECUENCIAL
Fecha de publicación y/o designación secuencial 2006 Año 15, no. 164, ene.-abr.
650 #4 - ASIENTO SECUNDARIO DE MATERIA - TERMINO TEMATICO
Término de materia o nombre geográfico como elemento de entrada INDIGENAS
650 #4 - ASIENTO SECUNDARIO DE MATERIA - TERMINO TEMATICO
Término de materia o nombre geográfico como elemento de entrada RESISTENCIA CULTURAL
650 #4 - ASIENTO SECUNDARIO DE MATERIA - TERMINO TEMATICO
Término de materia o nombre geográfico como elemento de entrada Cultura
9 (RLIN) 7095
650 #4 - ASIENTO SECUNDARIO DE MATERIA - TERMINO TEMATICO
Término de materia o nombre geográfico como elemento de entrada PODER
905 ## - TIPO DE MATERIAL
Tipo de material Articulo

No items available.